000 00406nam a2200157Ia 4500
008 230711s9999||||xx |||||||||||||| ||und||
041 _aENG
082 _a624
_bRO-C
100 _aRoss,C.T.F
245 0 _aComputational methods in structural and continuum mechanics
250 _a1st Ed.
260 _c1982
_aNew York
_bJohn Wiley & Sons.Inc
300 _a176
650 _aCivil Engineering
942 _cBK
999 _c2810
_d2810